000 01117nam a22003137a 4500
003 CHAP
005 20220329135407.0
008 971013s1974 r 00010 d
010 _a35621
011 _a36593
035 _a40712
040 _cCHAP
082 _a574.55
_bO73
110 _aOrganismo Internacional de Energía Atómica
_983512
245 _aLaboratory training manual on the use of nuclear techniques in animal parasitology ; immunology and pathophysiology
260 _aVienna :
_bOIEA,
_c1974
300 _a161 p.
_b; gráfs.
490 _aTechnical reports series
_v; 160
590 _aBATCH-UPD
_b10
_c20130110
_lUCH01
_h2135
590 _aBATCH-UPD
_b10
_c20130410
_lUCH01
_h1444
590 _aBATCH-UPD
_b10
_c20130914
_lUCH01
_h1951
590 _aCONVERSION
_b10
_c20130109
_lUCH01
_h1320
650 1 4 _aRadiación
_xEfecto en parásitos.
_993672
830 0 _aTechnical reports series
_v; 160
_9111913
901 _aBK
942 _cLIBRO
949 _a574.55 O73
_bBC
_cLIBRO
_d33724000506622
_eLIBRO
_fc.2
_h33715
_i40712
_si
949 _a574.55 O73
_bBC
_cLIBRO
_d33724000506630
_eLIBRO
_h33611
_i40712
_si
999 _c35621
_d35621